| 000 | 00584nam a22002057a 4500 | ||
|---|---|---|---|
| 005 | 20251025113056.0 | ||
| 008 | 251025b |||||||| |||| 00| 0 eng d | ||
| 020 |
_a9781784786793 _cRs.1350.00 |
||
| 040 | _aLoreto College | ||
| 041 | _aEnglish | ||
| 082 |
_a193 _bADO |
||
| 100 | _aAdorno,Theodor W. | ||
| 245 |
_aDialectic of enlightmen _cTheodor W. Adorno and Max Horkheimer |
||
| 260 |
_aLondon _bVerso _c1997 |
||
| 300 |
_a258p. _b21cm. |
||
| 650 | _aGerman philosophy | ||
| 700 |
_4Auth _aHorkheimer,Max |
||
| 850 | _aLCLIB | ||
| 942 | _cBK | ||
| 999 |
_c44191 _d94670 |
||